[Event "GRE-ch U10"]
[Site "Peristeri"]
[Date "2023.07.07"]
[Round "7"]
[White "Skodras, Dionysios Eleftheri"]
[Black "Tamiolakis, Grigorios"]
[Result "0-1"]
[WhiteElo "1106"]
[BlackElo "1383"]
[PlyCount "124"]
[EventDate "2023.07.03"]
[EventType "swiss"]
[EventRounds "9"]
[EventCountry "GRE"]
[SourceTitle "EXT 2024"]
[Source "ChessBase"]
[SourceDate "2023.10.10"]
[SourceVersion "1"]
[SourceVersionDate "2023.10.10"]
[SourceQuality "1"]

1. d4 d5 2. c4 dxc4 3. e4 e5 4. Nf3 exd4 5. Qxd4 Qxd4 6. Nxd4 Nf6 7. Nc3 Bc5 8. Ndb5 Na6 9. Bf4 c6 10. Nd6+ Bxd6 11. Bxd6 Be6 12. Rc1 Rd8 13. Bf4 Nc5 14. f3 a6 15. Bg5 h6 16. Bh4 Nd3+ 17. Bxd3 cxd3 18. Rd1 g5 19. Bg3 Nh5 20. Bf2 Nf4 21. Rg1 Ng6 22. Kd2 Ne5 23. b3 Ng6 24. Ke3 Ke7 25. Rxd3 Rxd3+ 26. Kxd3 Rd8+ 27. Kc2 Nf4 28. Bc5+ Kf6 29. Bb6 Rd7 30. Be3 Ke5 31. g3 Ng6 32. Ne2 f5 33. Nc3 fxe4 34. Nxe4 Bf5 35. Re1 Bxe4+ 36. fxe4 Ne7 37. h4 gxh4 38. gxh4 h5 39. Kc3 Ng6 40. Bg5 Nf4 41. Kc4 Ne6 42. Bc1 Rd4+ 43. Kc3 Rxe4 44. Rxe4+ Kxe4 45. Bd2 b6 46. Bc1 Nf4 47. Kc2 Ng2 48. Bg5 Ne1+ 49. Kc3 Nf3 50. Bd8 b5 51. b4 Kf4 52. Kd3 Kg4 53. Ke3 Nxh4 54. Kd4 Nf3+ 55. Kc5 Ne5 56. Kd6 Nf7+ 57. Kxc6 Nxd8+ 58. Kb6 h4 59. Kxa6 h3 60. Kxb5 h2 61. a4 h1Q 62. a5 Qc6# 0-1

[Event "GRE-ch U10"]
[Site "Peristeri"]
[Date "2023.07.06"]
[Round "5"]
[White "Papakyriakou, Petros"]
[Black "Tamiolakis, Grigorios"]
[Result "0-1"]
[WhiteElo "1086"]
[BlackElo "1383"]
[PlyCount "114"]
[EventDate "2023.07.03"]
[EventType "swiss"]
[EventRounds "9"]
[EventCountry "GRE"]
[SourceTitle "EXT 2024"]
[Source "ChessBase"]
[SourceDate "2023.10.10"]
[SourceVersion "1"]
[SourceVersionDate "2023.10.10"]
[SourceQuality "1"]

1. c4 e5 2. g3 d6 3. Bg2 f5 4. d3 Be7 5. Nc3 Nf6 6. Nf3 0-0 7. Bd2 Nc6 8. Qc2 Be6 9. Ng5 Qd7 10. Nxe6 Qxe6 11. Nd5 Qd7 12. 0-0 Kh8 13. Qa4 Nxd5 14. Bxd5 Rfd8 15. Bxc6 Qxc6 16. Qxc6 bxc6 17. a4 Bf6 18. Bc3 Kg8 19. f4 g6 20. fxe5 Bxe5 21. Bxe5 dxe5 22. Kf2 Rab8 23. Rfb1 Kf7 24. b4 a6 25. Ra2 Rb7 26. Rab2 Rdb8 27. Ke3 Ke6 28. Kd2 Kd6 29. Kc3 h6 30. c5+ Kd5 31. a5 Rb5 32. e3 Rf8 33. Rf1 h5 34. Rbf2 Rfb8 35. e4+ Ke6 36. exf5+ gxf5 37. Rxf5 Rxb4 38. R1f2 Rb3+ 39. Kd2 Rb2+ 40. Kc3 Rxf2 41. Rxf2 Rb5 42. Ra2 Rxc5+ 43. Kb4 Kd5 44. Re2 Kd4 45. Rd2 Rb5+ 46. Ka4 Kc3 47. Rf2 Rb1 48. Ra2 Kxd3 49. Ra3+ Kc4 50. Ra2 e4 51. Rc2+ Kd3 52. Rxc6 e3 53. Rxa6 e2 54. Re6 e1Q 55. Rxe1 Rxe1 56. a6 Re8 57. Kb5 Ra8 0-1

[Event "EU-ch Cities&Town U18 op"]
[Site "Tornelo INT"]
[Date "2023.01.29"]
[Round "?"]
[White "Rusu, Lucas"]
[Black "Tamiolakis, Grigorios"]
[Result "1-0"]
[WhiteElo "1625"]
[BlackElo "1225"]
[PlyCount "77"]
[EventDate "2023.01.29"]
[EventType "team-swiss"]
[EventRounds "9"]
[EventCountry "NET"]
[SourceTitle "CBM 212 Extra"]
[Source "ChessBase"]
[SourceDate "2023.03.31"]
[SourceVersion "1"]
[SourceVersionDate "2023.03.31"]
[SourceQuality "1"]
[WhiteTeam "Iasi"]
[BlackTeam "Heraklion"]
[WhiteTeamCountry "ROU"]
[BlackTeamCountry "GRE"]

1. e4 d5 2. exd5 Qxd5 3. Nc3 Qa5 4. d4 Nf6 5. Nf3 Bg4 6. Be2 Nc6 7. Be3 0-0-0 8. 0-0 e5 9. Bg5 exd4 10. Bxf6 gxf6 11. Ne4 f5 12. Ng3 Bd6 13. h3 Bxg3 14. fxg3 Bh5 15. Bd3 Ne5 16. Bxf5+ Kb8 17. g4 Nxf3+ 18. Qxf3 Bg6 19. Bd3 Rhe8 20. Bxg6 fxg6 21. Qf6 Qc5 22. Kh2 Qxc2 23. Rfc1 Qe2 24. Re1 Qxb2 25. Rab1 Qxa2 26. Qc6 Qxb1 27. Rxb1 b6 28. Rd1 d3 29. Qf3 d2 30. Qf2 a5 31. Rxd2 Rxd2 32. Qxd2 Kb7 33. Qd5+ Ka7 34. Qd7 Rb8 35. Qxc7+ Rb7 36. Qc6 b5 37. Qc5+ Ka6 38. Qc6+ Rb6 39. Qa8# 1-0

[Event "EU-ch Cities&Town U18 op"]
[Site "Tornelo INT"]
[Date "2023.01.29"]
[Round "?"]
[White "Tamiolakis, Grigorios"]
[Black "Sahin, Sarp"]
[Result "0-1"]
[WhiteElo "1225"]
[BlackElo "1841"]
[PlyCount "96"]
[EventDate "2023.01.29"]
[EventType "team-swiss"]
[EventRounds "9"]
[EventCountry "NET"]
[SourceTitle "CBM 212 Extra"]
[Source "ChessBase"]
[SourceDate "2023.03.31"]
[SourceVersion "1"]
[SourceVersionDate "2023.03.31"]
[SourceQuality "1"]
[WhiteTeam "Heraklion"]
[BlackTeam "Ankara"]
[WhiteTeamCountry "GRE"]
[BlackTeamCountry "TUR"]

1. e4 c6 2. d4 d5 3. exd5 cxd5 4. Bd3 Nc6 5. c3 Nf6 6. h3 g6 7. Nf3 Bg7 8. 0-0 0-0 9. Bf4 Bf5 10. Bxf5 gxf5 11. Nbd2 e6 12. Ne1 Ne4 13. f3 Nxd2 14. Qxd2 Kh8 15. Bh6 Rg8 16. Nd3 Qf6 17. Bg5 Qg6 18. Be3 Bf8 19. Bf4 Be7 20. Ne5 Nxe5 21. Bxe5+ Bf6 22. Bxf6+ Qxf6 23. f4 Rg3 24. Rae1 Rag8 25. Re3 R3g7 26. Rff3 b5 27. Qf2 Qg6 28. Rg3 Qxg3 29. Rxg3 Rxg3 30. Kh2 Rxg2+ 31. Qxg2 Rxg2+ 32. Kxg2 Kg7 33. Kg3 f6 34. b4 Kf7 35. Kh4 Ke7 36. Kh5 Kd6 37. Kh6 e5 38. dxe5+ fxe5 39. fxe5+ Kxe5 40. Kxh7 f4 41. h4 f3 42. h5 f2 43. h6 f1Q 44. Kg7 Qf6+ 45. Kh7 Qf7+ 46. Kh8 Kf6 47. c4 Kg6 48. cxd5 Qh7# 0-1

[Event "EU-ch Cities&Town U18 op"]
[Site "Tornelo INT"]
[Date "2023.01.29"]
[Round "?"]
[White "Tamiolakis, Grigorios"]
[Black "Tzimas, Konstantinos"]
[Result "1-0"]
[WhiteElo "1225"]
[BlackElo "1275"]
[PlyCount "145"]
[EventDate "2023.01.29"]
[EventType "team-swiss"]
[EventRounds "9"]
[EventCountry "NET"]
[SourceTitle "CBM 212 Extra"]
[Source "ChessBase"]
[SourceDate "2023.03.31"]
[SourceVersion "1"]
[SourceVersionDate "2023.03.31"]
[SourceQuality "1"]
[WhiteTeam "Heraklion"]
[BlackTeam "Ioannina"]
[WhiteTeamCountry "GRE"]
[BlackTeamCountry "GRE"]

1. e4 c5 2. Nf3 d6 3. c3 Nf6 4. Be2 Nxe4 5. Qa4+ Nc6 6. Qxe4 e5 7. 0-0 Bd7 8. d4 f5 9. Qd3 e4 10. Qe3 Be7 11. Nfd2 Bg5 12. f4 Be7 13. dxc5 dxc5 14. Nb3 b6 15. Rd1 0-0 16. Bc4+ Kh8 17. Be6 Bxe6 18. Rxd8 Raxd8 19. Bd2 Bxb3 20. axb3 c4 21. Qe2 Bc5+ 22. Kh1 e3 23. Be1 cxb3 24. Na3 g5 25. Bg3 h5 26. Qxh5+ Kg7 27. Qxg5+ Kh8 28. Qh6+ Kg8 29. Qxc6 e2 30. Qf3 Rfe8 31. h3 Bxa3 32. bxa3 b2 33. Rb1 Rd2 34. Be1 Rc2 35. Qd5+ Kh8 36. Qxf5 Rc1 37. Qh5+ Kg7 38. Qxe8 Rxb1 39. Qxe2 Kf6 40. Kh2 a5 41. Qc2 Rxe1 42. Qxb2 Re6 43. c4+ Kf5 44. c5 bxc5 45. Qb5 Kxf4 46. Qxc5 Re5 47. Qd4+ Kf5 48. Qxe5+ Kxe5 49. g4 Kf4 50. a4 Kg5 51. Kg3 Kg6 52. h4 Kg7 53. h5 Kh6 54. Kh4 Kh7 55. g5 Kh8 56. Kg4 Kh7 57. g6+ Kh8 58. h6 Kg8 59. g7 Kh7 60. Kf5 Kg8 61. Ke5 Kh7 62. Kd5 Kg8 63. Kc5 Kh7 64. Kb5 Kg8 65. Kxa5 Kh7 66. Kb6 Kg8 67. a5 Kh7 68. a6 Kg8 69. a7 Kh7 70. a8Q Kg6 71. g8Q+ Kf5 72. Qad5+ Kf4 73. Qgg5# 1-0